| 000 | 00621nam a2200169Ia 4500 | ||
|---|---|---|---|
| 005 | 20250424120301.0 | ||
| 008 | 250424s9999 xx 000 0 und d | ||
| 022 | _a978303804 | ||
| 050 | _aHC 1055.A1 .N54/ | ||
| 245 | 0 | _aJournal of Niger Delta studies | |
| 260 | _aNiger Delta, Nigeria | ||
| 260 | _bNorth-Holland in collaboration with the Graduate School of Management, University of Rochester | ||
| 260 | _c2015 | ||
| 300 | _aix, 183 p. :ill. ; 25 cm. | ||
| 650 | _aNigeria--Economic conditions--Periodicals. Nigeria--Social conditions--Periodicals. Nigeria--Politics and government--Periodicals. | ||
| 942 | _cSR | ||
| 999 |
_c38434 _d38434 |
||